Регионална библиотека "Любен Каравелов" - Русе

Интервю с диктатор (Запис номер 423659)

MARC детайли
000 -Лидер
Контролно поле с фиксирана дължина 01903nam a2200433 a 4500
003 - Код на организацията, давaща контролен номер
Контролно поле BLK
005 - Дата и час на последна редакция
Контролно поле 20250527095011.0
008 - Елементи от данни с фиксирана дължина
fixed length control field 180408b bul|||||r ||||||| ||bul||
010 ## - Наследен системен номер
LC control number KNG00092922000
020 ## - Международен стандартен номер на книга ISBN
Международен стандартен номер на книга ISBN 9789547422735
040 ## - Източник на каталожния запис
Идентификатор на билиотеката - собственик на записа BLK
041 ## - Код за език
Код за езика на текст/звукозапис или на отделно заглавие Български
Код за езика КДБФ Български
080 ## - УДК
Текстов определител УДК Политика. Вж и 341 ; 342
УДК код - определител по УДК 32
УДК определител (497.2)(092)
УДК - код + определител 32(497.2)(092)
080 ## - УДК
Текстов определител УДК Политически партии и движения
УДК код - определител по УДК 329
УДК определител (497.2)ГЕРБ(092)
УДК - код + определител 329(497.2)ГЕРБ(092)
080 ## - УДК
Текстов определител УДК Български политик, министър-председател на Република Българияли и лидер на Политическа партия ГЕРБ
УДК код - определител по УДК 929 Борисов, Бойко Методиев
УДК - код + определител 929 Борисов, Бойко Методиев
100 ## - Редна дума - Автор
Автор Стефанов, Огнян Борисов
Авторска отговорност първи автор
R(LIN) 321218
139 ## - Редно поле
Редна дума Лилов, Григор Тодоров
Авторски знак Борд - Б 65
245 10 - Сведения за заглавието
Заглавие Интервю с диктатор
Редно поле (дума) Огнян Стефанов.
Подзаглавни данни Живот под портрета на Бойко Борисов
257 ## - Страна на издаване
Страна на създаване/издаване България
260 ## - Област на издателските данни
Място на издаване, разпространение и проч. София
Име на издателя, разпространителя и проч. Слънце
Година на издаване 2021
9 (RLIN) 209480
Издателство - префикс ISBN 978-954-742- ; 954-8023-
300 ## - Физическа характеристика
Страници 288 с.
Размери/Мащаб 20 см
380 ## - Жанр
Жанр Обществени науки
600 14 - Име на лице, използвано като предмет
За него / За нея Борисов, Бойко Методиев
9 (RLIN) 277641
650 #4 - Допълнително описание по предмет – тема
Основно описание – тема или топоним Борисов, Бойко Методиев
9 (RLIN) 277641
650 #0 - Допълнително описание по предмет – тема
Основно описание – тема или топоним Политика - България
9 (RLIN) 264474
650 #4 - Допълнително описание по предмет – тема
Основно описание – тема или топоним Политици, български
9 (RLIN) 242530
650 #4 - Допълнително описание по предмет – тема
Основно описание – тема или топоним ГЕРБ - дейци
9 (RLIN) 152007
651 #4 - Допълнително описание по предмет - топоним
Географско понятие България
9 (RLIN) 241624
653 ## - Ключова дума – ненормативна
Ключова дума Бойко Борисов
653 ## - Ключова дума – ненормативна
Ключова дума политици
653 ## - Ключова дума – ненормативна
Ключова дума политика
653 ## - Ключова дума – ненормативна
Ключова дума министър-председатели
653 ## - Ключова дума – ненормативна
Ключова дума ГЕРБ
653 ## - Ключова дума – ненормативна
Ключова дума лидери
856 4# - Електронен адрес и достъп
Електронен формат pdf - файл
856 4# - Електронен адрес и достъп
Електронен формат pdf - файл
999 ## - СИСТЕМНИ КОНТРОЛНИ НОМЕРА
Koha biblionumber 423659
Koha biblioitemnumber 423659
942 ## - АРТИКУЛИ
Вид на библиотечния материал Книги
Скрит в OPAC Не
Koha issues (borrowed), all copies 40
Периодичен библиозапис Да
944 ## - СЪЗДАВАНЕ И РЕДАКЦИЯ на ЗАПИСА
Служител, извършил регистрацията/редакцията 30576
Статус, дата на статуса Цветомила Тодорова
Наличности
Код за отписване Код за изгубен артикул Източник на класификационната схема Код за повреда Коз за рестрикции Код за отдаване Артикулен № Име на библиотеката - собственик Име на библиотеката, в която се намира в момента Статус (Текущо местоположение) Дата на вписване в системата Местоположение - отдел Цена в лева Систематично азбучна сигнатура Баркод Цена в евро Служебен тип на артикула
  Не е изгубен Universal Decimal Classification Не е повреден без рестрикции заемане за дома 843053 Регионална библиотека "Любен Каравелов" Русе Регионална библиотека "Любен Каравелов" Русе Заемна - подръчен фонд 2021-07-14 Заемна - подръчен фонд 11.99 32/Б 65 Б 120000857813 6.13 Книги
  Не е изгубен Universal Decimal Classification Не е повреден без рестрикции заемане за дома 843054 Регионална библиотека "Любен Каравелов" Русе Регионална библиотека "Любен Каравелов" Русе Заемна - подръчен фонд 2021-07-14 Заемна - подръчен фонд 11.99 32/Б 65 Б 120000857812 6.13 Книги
Vip Innovations Ltd, Rousse, Bulgaria 2025